AH International Schools' Libraries

The Cat Who Saved The Library / (Record no. 49362)

MARC details
000 -LEADER
fixed length control field 01395nam a2200169 4500
020 ## - INTERNATIONAL STANDARD BOOK NUMBER
International Standard Book Number 9781035072651
100 ## - MAIN ENTRY--PERSONAL NAME
Personal name Sosuke, Natsukawa,
Relator term author.
9 (RLIN) 86715
245 ## - TITLE STATEMENT
Title The Cat Who Saved The Library /
Statement of responsibility, etc by Sosuke Natsukawa, translated bu Louise Heal Kawai.
260 ## - PUBLICATION, DISTRIBUTION, ETC. (IMPRINT)
Place of publication, distribution, etc London :
Name of publisher, distributor, etc Macmillan ;
Date of publication, distribution, etc 2025.
300 ## - PHYSICAL DESCRIPTION
Extent 231 pages.
490 ## - SERIES STATEMENT
Series statement the Cat Who :
Volume number/sequential designation 2
500 ## - GENERAL NOTE
General note Thirteen-year-old Nanami Kosaki loves reading. The local library is a home from home and books have become her best friends. When Nanami notices books disappearing from the library shelves, she’s particularly curious about a suspicious man in a grey suit whose furtive behaviour doesn’t feel right. Should she follow him to see what he’s up to?<br/><br/>When a talking tabby cat called Tiger appears to warn her about how dangerous that would be, together they’re brave enough to follow the frightening trail to find out where all the books have gone. Will Nanami and Tiger overcome the challenges of the adventure ahead?<br/><br/>Warm, wonderful and wise, The Cat Who Saved the Library is also a powerful lesson never to underestimate the value of great literature, and a reminder always to think for ourselves, no matter what our charismatic leaders might say.
650 ## - SUBJECT ADDED ENTRY--TOPICAL TERM
9 (RLIN) 54054
Topical term or geographic name as entry element JUVENILE FICTION / Books & Libraries.
650 ## - SUBJECT ADDED ENTRY--TOPICAL TERM
9 (RLIN) 931
Topical term or geographic name as entry element Friendship
Form subdivision Fiction.
650 ## - SUBJECT ADDED ENTRY--TOPICAL TERM
9 (RLIN) 56219
Topical term or geographic name as entry element Book burning
Form subdivision Fiction.
942 ## - ADDED ENTRY ELEMENTS (KOHA)
Source of classification or shelving scheme
Koha item type Book
Holdings
Withdrawn status Lost status Source of classification or shelving scheme Damaged status Not for loan Home library Current library Date acquired Total Checkouts Full call number Barcode Date last seen Date checked out Price effective from Koha item type
          Logos International School Logos International School 08/20/2025 4 Y FIC SOS JAP 042873 02/25/2026 10/24/2025 08/20/2025 Book

For any Logos Library related questions please contact Miss Art at swongnarasuk@asianhope.org.

For any Asian Hope Library related questions please contact Miss Raza at graza@asianhope.org.

Powered by Koha